Compendio de la gramática de la lengua castellana : (Record no. 9944)

MARC details
000 -CABECERA
campo de control de longitud fija 01154nam a2200301 a 4500
003 - IDENTIFICADOR DEL NÚMERO DE CONTROL
campo de control MX-MxUPN
005 - FECHA Y HORA DE LA ÚLTIMA TRANSACCIÓN
campo de control 20250114150015.0
008 - ELEMENTOS DE LONGITUD FIJA--INFORMACIÓN GENERAL
campo de control de longitud fija 991125s1914 mx 001 0 spa d
035 ## - NÚMERO DE CONTROL DEL SISTEMA
Número de control de sistema UPN01000009944
040 ## - FUENTE DE LA CATALOGACIÓN
Centro catalogador/agencia de origen MX-MxUPN
Lengua de catalogación spa
Centro/agencia transcriptor MX-MxUPN
041 ## - CÓDIGO DE IDIOMA
Código de lengua del texto/banda sonora o título independiente spa
050 04 - SIGNATURA TOPOGRÁFICA DE LA BIBLIOTECA DEL CONGRESO
Número de clasificación PC4721
Número de documento/Ítem P54 1914
100 1# - ASIENTO PRINCIPAL--NOMBRE PERSONAL
Nombre de persona Pimentel, D. Manuel
9 (RLIN) 52265
245 10 - MENCIÓN DE TÍTULO
Título Compendio de la gramática de la lengua castellana :
Resto del título propuesto por la Academia Española y arreglado al programa de las escuelas de enseñanza elemental y superior de la República Mexicana
250 ## - MENCIÓN DE EDICIÓN
Mención de edición 2a. Edición
Resto de la mención de edición revisada y aumentada con ejercicios prácticos
260 ## - PUBLICACIÓN, DISTRIBUCIÓN, ETC.
Lugar de publicación, distribución, etc. México :
Nombre del editor, distribuidor, etc. Librería de la Viuda de Ch. Bouret,
Fecha de publicación, distribución, etc. 1914.
300 ## - DESCRIPCIÓN FÍSICA
Extensión 293 páginas
490 0# - MENCIÓN DE SERIE
Mención de serie Analogía, sintaxis, prosodia y ortografía
500 ## - NOTA GENERAL
Nota general "Obra declarada de texto"
504 ## - NOTA DE BIBLIOGRAFÍA, ETC.
Nota de bibliografía, etc. Incluye índice.
650 #4 - ASIENTO SECUNDARIO DE MATERIA - TERMINO TEMATICO
Término de materia o nombre geográfico como elemento de entrada Español
9 (RLIN) 17036
Subdivisión de forma Libros de texto
650 #4 - ASIENTO SECUNDARIO DE MATERIA - TERMINO TEMATICO
Término de materia o nombre geográfico como elemento de entrada Español
Subdivisión general Gramática
-- Estudio y enseñanza
9 (RLIN) 9372
710 2# - ASIENTO SECUNDARIO - NOMBRE CORPORATIVO
9 (RLIN) 51335
Nombre de entidad corporativa o nombre de jurisdicción como elemento de entrada Museo Pedagógico Nacional (México)
Término indicativo de función/relación propietario anterior
902 ## - ELEMENTOS DE DATOS B LOCAL, LDB (RLIN)
Modificó MaríaRobles/060624
904 ## - ELEMENTOS DE DATOS D LOCAL, LDD (RLIN)
a AC
b 009945
905 ## - TIPO DE MATERIAL
Tipo de material Libro
942 ## - ELEMENTOS DE PUNTO DE ACCESO ADICIONAL (KOHA)
Fuente del sistema de clasificación o colocación Library of Congress Classification
Tipo de ítem Koha Libro
Suprimir en OPAC No
Holdings
Estado de retiro Estado de pérdida Fuente del sistema de clasificación o colocación Estado dañado No para préstamo Código de colección Localización permanente Ubicación/localización actual Ubicación en estantería Fecha de adquisición Clasificación Código de barras Fecha visto por última vez Tipo de ítem Koha Nota pública
    Library of Congress Classification   Disponible (Préstamo en sala) Libros de texto Bib. Gregorio Torres Quintero Bib. Gregorio Torres Quintero Colecciones especiales Planta alta 13/09/2022 PC4721 P54 1914 46620 31/12/2020 Libro Ejemplar con sello del Museo Pedagógico Nacional y con sello del Sistema de Bibliotecas para la Formación y Actualización de Docentes.